LEADER 01540nam a2200289 i 4500 001 000000242729 003 CaOOAMICUS 005 20150615000000.0 008 150615s2014 it u000 u ita u 013 $a221634 020 $a978-88-99070-08-3 040 $aSeMil$bita 245 10$aMemoria conciliare :$ble scelte del Vaticano 2. Atti dei Seminari interdisciplinari svolti presso lo Studio Teologico S. Paolo di Catania l'1 aprile 2011 e il 16 febbraio 2012 /$ca cura di Maurizio Aliotta. 260 $aTroina :$bGrafiser,$c2014. 260 $aCatania :$bStudio Teologico S. Paolo,$c2014. 300 $a418 p.; 23 cm. 490 0 $aQuaderni di Synaxis ;$vN. speciale3. 650 4$aConcilio Vaticano II <1962-1965> - Seminari.$0(OLS)http://semarc/subject/10970 700 1 $aAliotta, Maurizio.$0(OLS)http://semarc/name/33140 830 0$aQuaderni di Synaxis ;$vN. speciale3.$0(OLS)http://semarc/title/12250 850 $aSeMil 852 $aSeMil$W1$xVenegono$y1$m2A III 286$j193075$B193075$CSeMilBibl$Z2$F203980 $81 961 $aOmaggio: Scanziani don Francesco 996 $6020$a978-88-99070-08-3$9(OLS)http://semarc/number/250194 996 $6245$aMemoria conciliare :$ble scelte del Vaticano 2. Atti dei Seminari interdisciplinari svolti presso lo Studio Teologico S. Paolo di Catania l'1 aprile 2011 e il 16 febbraio 2012$9(OLS)http://semarc/title/344513 996 $6260$aCatania :$bStudio Teologico S. Paolo$9(OLS)http://semarc/publisher/32024 996 $6260$aTroina :$bGrafiser$9(OLS)http://semarc/publisher/54737 LEADER 01292nam a2200289 i 4500 001 000000103811 003 CaOOAMICUS 005 20060530000000.0 008 060530s2001 it u000 u ita u 013 $a75992 020 $a88-311-0131-5 040 $aSeMil$bita 100 1 $aRizzacasa, Aurelio.$0(OLS)http://semarc/name/24233 245 12$aL'eclisse del tempo :$bil fine e "la fine" della storia /$cAurelio Rizzacasa ; prefazione di Angela Ales Bello. 260 $aRoma :$bCittà Nuova,$c2001. 300 $a185 p. ;$c18 cm. 490 0 $aIdee. Filosofia. Nuova serie ;$v131 650 4$aEscatologia - Studi.$0(OLS)http://semarc/subject/5572 650 4$aFilosofia della storia.$0(OLS)http://semarc/subject/1960 700 1 $aAles Bello, Angela,$d<1939- >.$0(OLS)http://semarc/name/2623 830 0$aIdee. Filosofia. Nuova serie ;$v131.$0(OLS)http://semarc/title/5903 850 $aSeMil 852 $aSeMil$W1$xVenegono$y1$m2Q II 366$j60259$B60259$CSeMilBibl$Z2$F44743 $81 961 $aSottoscrizione: Città Nuova (Agente) 996 $6020$a88-311-0131-5$9(OLS)http://semarc/number/83723 996 $6245$aL'eclisse del tempo :$bil fine e "la fine" della storia$9(OLS)http://semarc/title/150645 996 $6260$aRoma :$bCittà Nuova$9(OLS)http://semarc/publisher/29609